000 00577nam a2200217Ia 4500
003 OSt
005 20220926043302.0
006 a|||||r|||| 00| 0
007 ta
008 220923b |||||||| |||| 00| 0 eng d
037 _cGeneral Book
040 _aRTL
_cRTL
_beng
041 _2eng
_aeng
082 _aY:49(Q).2.N3, H5
100 _aAgarwala Ratish Mohan
_9294825
245 0 _aScience of Hindu-Muslim politics
260 _c1945
650 _aCommunalism
942 _hY:49(Q).2.N3, H5
_cGB
_2CC
999 _c671967
_d671967